000 01683nam a2200337 i 4500
001 768714001
003 CO-MdFUSB
005 20230420110202.0
007 ta
008 851206t1986 ilu b 001 | eng
020 _a0802441424
040 _aDLC
_cCO-MdFUSB
_dCO-MdFUSB
_bspa
_erda
041 _aeng
082 _223
_a224.061
_bB938
100 1 _aBullock, C. Hassell.
_eautor
245 1 3 _aAn introduction to the Old Testament prophetic books
_c/ C. Hassell Bullock.
264 1 _aEstados Unidos, Chicago :
_bMoody Press,
_c[1986]
264 4 _c© 1986
300 _a391 páginas ;
_c24 cm.
336 _2rdacontent
_atexto
_btxt
337 _2rdamedia
_asin mediación
_bn
338 _2rdacarrier
_avolumen
_bnc
505 _tParte I. Los profetas del Período Neoasirio
_aJonás: prefacio a los profetas -- Amós: llamado a la obediencia moral -- Oseas: el dilema de un profeta -- Miqueas: Juicio, esperanza y promesa -- Isaías: profeta por excelencia
505 _tParte II. Los profetas del período neobabilónico
_aSofonías: perfil de un pueblo -- Habacuc: profeta de la transición -- Jeremías: profeta para la nación -- Nahum: la realidad del juicio -- Ezequiel: la fusión de dos esferas -- Abdías: Edom el día del Señor -- Lamentaciones: reflejos del alma
505 _tParte III. Los profetas del Período Persa
_aDaniel: testigo en Babilonia -- Hageo: el templo y el futuro -- Zacarías: profeta del nuevo reino -- Joel: el día de la decisión -- Malaquías: profeta del pacto de amor
563 _aTapa dura
630 0 7 _aBiblia.
_pProfetas
_xCrítica, interpretación, etc.
942 _cBK
945 _aMag 1104
999 _c68752
_d68752